[Event "Titled Tuesday intern op 02nd Jul Late"]
[Site "Chess.com INT"]
[Date "2024.07.02"]
[Round "3"]
[White "Centron Antuna, Daniel"]
[Black "Liu, Yi"]
[Result "1-0"]
[WhiteElo "2274"]
[BlackElo "2268"]
[PlyCount "59"]
[EventDate "2024.07.02"]
[EventType "swiss (blitz)"]
[EventRounds "11"]
[EventCountry "USA"]
[SourceTitle "EXT 2025"]
[Source "ChessBase"]
[SourceDate "2024.10.14"]
[SourceVersion "1"]
[SourceVersionDate "2024.10.14"]
[SourceQuality "1"]

1. e4 e6 2. d4 d5 3. Nc3 Bb4 4. Nge2 dxe4 5. a3 Be7 6. Nxe4 Nf6 7. Nxf6+ Bxf6 8. Bf4 Nc6 9. c3 0-0 10. Ng3 Bg5 11. Bxg5 Qxg5 12. Qd2 Qxd2+ 13. Kxd2 a6 14. f4 b5 15. Bd3 Bb7 16. Be4 Na5 17. Rae1 Nc4+ 18. Kc1 Bxe4 19. Nxe4 Rfd8 20. Re2 h6 21. Rhe1 Rd5 22. g4 Rad8 23. Ng3 c5 24. dxc5 Rxc5 25. f5 exf5 26. Nxf5 Kh7 27. Re7 Rcd5 28. Rxf7 Rd2 29. Rxg7+ Kh8 30. Rg6 1-0

[Event "Titled Tuesday intern op 21st May Late"]
[Site "Chess.com INT"]
[Date "2024.05.21"]
[Round "5"]
[White "Centron Antuna, Daniel"]
[Black "Bueno, Alfeu Varela Jr"]
[Result "0-1"]
[WhiteElo "2265"]
[BlackElo "2140"]
[PlyCount "124"]
[EventDate "2024.05.21"]
[EventType "swiss (blitz)"]
[EventRounds "11"]
[EventCountry "USA"]
[SourceTitle "CBM 220 Extra"]
[Source "ChessBase"]
[SourceDate "2024.07.31"]
[SourceVersion "1"]
[SourceVersionDate "2024.07.31"]
[SourceQuality "1"]

1. e4 e6 2. d4 d5 3. Bd3 dxe4 4. Bxe4 Nf6 5. Bf3 c5 6. Ne2 Nc6 7. Be3 Nd5 8. Bxd5 Qxd5 9. Nbc3 Qxg2 10. Rg1 Qxh2 11. Bf4 Qh5 12. Nb5 Kd8 13. Nc7 Rb8 14. d5 e5 15. Nb5 Nd4 16. Nexd4 Qxd1+ 17. Rxd1 exf4 18. Nf3 Bd7 19. Nc3 f6 20. Ne2 g5 21. Nc3 Bd6 22. Ne4 Re8 23. Nfd2 f5 24. f3 fxe4 25. Nxe4 h6 26. Kf2 Kc7 27. c4 Bf5 28. Nc3 Re3 29. Rh1 Rh8 30. Rde1 Rxe1 31. Rxe1 a6 32. a3 Kd7 33. Na4 b5 34. cxb5 axb5 35. Nc3 b4 36. axb4 cxb4 37. Nb5 Rb8 38. Na7 Rb7 39. Nc6 Rb5 40. Rd1 Bc2 41. Rd2 Bb3 42. Nd4 Bc5 43. Ke2 Bxd4 44. Rxd4 Bxd5 45. Kd3 Kd6 46. b3 Rc5 47. Ke2 Rc2+ 48. Kd3 Kc5 49. Rxd5+ Kxd5 50. Kxc2 Kd4 51. Kd2 h5 52. Ke2 g4 53. fxg4 hxg4 54. Kf2 Kd3 55. Ke1 Kc2 56. Kf2 Kxb3 57. Ke2 Kc2 58. Kf2 b3 59. Ke2 b2 60. Kf2 b1Q 61. Ke2 Qb5+ 62. Kf2 Qe5 0-1